| 000 | 00852nam1a22002531 4500 | ||
|---|---|---|---|
| 001 | rc\10837 | ||
| 005 | 20021204101854.4 | ||
| 035 | _a(NLR Aleph) 005299844 | ||
| 090 |
_a6277704 _c6277704 |
||
| 100 | _a20021204f19911998u |0rusy50 ca | ||
| 101 | 0 | _arus | |
| 102 | _aRU | ||
| 105 | _ay ||||||||| | ||
| 200 | 1 |
_aЛекции по физике _fЮ.Б. Войтковский, В.С. Пигулевский, Ю.В. Харин _gМоск. гос. горный ун-т |
|
| 210 |
_aМ. _cМГГУ |
||
| 215 | _d20 | ||
| 700 | 1 |
_aВойтковский _bЮ. Б. _gЮрий Борисович |
|
| 701 | 1 |
_aПигулевский _bВ. С. _gВалерий Сергеевич |
|
| 701 | 1 |
_aХарин _bЮ. В. _gЮрий Васильевич |
|
| 801 | 0 |
_aRU _bNLR _gpsbo |
|
| 801 | 1 |
_aRU _bELAR _2rusmarc |
|
| 852 |
_aNLR _j96-3/11986 |
||
| 942 | _cBOOK | ||
| 980 | _aNB | ||